| 000 | 01354cam a2200325 a 4500 | ||
|---|---|---|---|
| 001 | 3568949 | ||
| 005 | 20240605092139.0 | ||
| 008 | 980707s1997 nyua b 001 0 eng | ||
| 010 | _a 98167356 | ||
| 020 | _a9780471509448 | ||
| 040 |
_aDLC _cDLC _dDLC |
||
| 050 | 0 | 0 |
_aNA105 _b.W43 1997 |
| 082 | _a720.288 | ||
| 100 | 1 |
_aWeaver, Martin E., _d1938- _9123231 |
|
| 245 | 1 | 0 |
_aConserving buildings : _bguide to techniques and materials / _cMartin E. Weaver ; with F.G. Matero. |
| 250 | _aRev. ed. | ||
| 260 |
_aNew York : _bPreservation Press, _cc1997. |
||
| 300 |
_axiv, 270 p. : _bill. ; _c28 cm. |
||
| 504 | _aIncludes bibliographical references and index. | ||
| 650 | 0 |
_aArchitecture _xConservation and restoration _xTechnique. _9123232 |
|
| 650 | 0 | _aBuilding materials. | |
| 700 | 1 |
_aMatero, F. G. _q(Frank G.) _9123233 |
|
| 856 | 4 | 2 |
_3Contributor biographical information _uhttp://www.loc.gov/catdir/bios/wiley041/98167356.html |
| 856 | 4 | 2 |
_3Publisher description _uhttp://www.loc.gov/catdir/description/wiley032/98167356.html |
| 856 | 4 |
_3Table of Contents _uhttp://www.loc.gov/catdir/toc/onix02/98167356.html |
|
| 906 |
_a7 _bcbc _corignew _d1 _encip _f19 _gy-gencatlg |
||
| 942 |
_2ddc _cBK |
||
| 999 |
_c609485 _d609485 |
||